| 000 -LEADER |
| fixed length control field |
02297nam a22003737a 4500 |
| 001 - CONTROL NUMBER |
| control field |
16210212 |
| 003 - CONTROL NUMBER IDENTIFIER |
| control field |
OSt |
| 005 - DATE AND TIME OF LATEST TRANSACTION |
| control field |
20210426063810.0 |
| 008 - FIXED-LENGTH DATA ELEMENTS--GENERAL INFORMATION |
| fixed length control field |
100429s2010 nyuab bq 001 0beng |
| 010 ## - LIBRARY OF CONGRESS CONTROL NUMBER |
| LC control number |
2010016653 |
| 015 ## - NATIONAL BIBLIOGRAPHY NUMBER |
| National bibliography number |
GBB078228 |
| Source |
bnb |
| 016 7# - NATIONAL BIBLIOGRAPHIC AGENCY CONTROL NUMBER |
| Record control number |
015588988 |
| Source |
Uk |
| 020 ## - INTERNATIONAL STANDARD BOOK NUMBER |
| International Standard Book Number |
9780393069624 |
| 035 ## - SYSTEM CONTROL NUMBER |
| System control number |
(OCoLC)ocn449865408 |
| 040 ## - CATALOGING SOURCE |
| Original cataloging agency |
DLC |
| Transcribing agency |
DLC |
| Modifying agency |
YDX |
| -- |
BTCTA |
| -- |
YDXCP |
| -- |
UKM |
| -- |
GO3 |
| -- |
NPL |
| -- |
YBM |
| -- |
ABG |
| -- |
ZAG |
| -- |
VP@ |
| -- |
CDX |
| -- |
DLC |
| 043 ## - GEOGRAPHIC AREA CODE |
| Geographic area code |
n-us-hi |
| 050 00 - LIBRARY OF CONGRESS CALL NUMBER |
| Classification number |
HV7571.H3 |
| Item number |
H83 2010 |
| 080 ## - UNIVERSAL DECIMAL CLASSIFICATION NUMBER |
| Universal Decimal Classification number |
92 |
| Item number |
H-88 |
| 082 00 - DEWEY DECIMAL CLASSIFICATION NUMBER |
| Classification number |
363.25092 |
| -- |
B |
| Edition number |
22 |
| 100 1# - MAIN ENTRY--PERSONAL NAME |
| Personal name |
Huang, Yunte. |
| 245 10 - TITLE STATEMENT |
| Title |
Charlie Chan : |
| Remainder of title |
the untold story of the honorable detective and his rendezvous with American history / |
| Statement of responsibility, etc. |
Yunte Huang. |
| 250 ## - EDITION STATEMENT |
| Edition statement |
1st ed. |
| 260 ## - PUBLICATION, DISTRIBUTION, ETC. |
| Place of publication, distribution, etc. |
New York : |
| Name of publisher, distributor, etc. |
W. W. Norton, |
| Date of publication, distribution, etc. |
c2010. |
| 300 ## - PHYSICAL DESCRIPTION |
| Extent |
xx, 354 p. : |
| Other physical details |
ill., map ; |
| Dimensions |
25 cm. |
| 504 ## - BIBLIOGRAPHY, ETC. NOTE |
| Bibliography, etc. note |
Includes bibliographical references (p. 329-336) and index. |
| 505 0# - FORMATTED CONTENTS NOTE |
| Formatted contents note |
The "real" Charlie Chan. Sandalwood Mountains ; Canton ; Paniolo, the Hawaiian cowboy ; The Wilders of Waikiki ; "Book 'em, Danno!" ; Chinatown ; The See Yup man ; Desperadoes ; Double murder -- Charlie Chan's pop. The other Canton ; Lampoon ; The raconteur ; The house without a key -- Charlie Chan, the Chinaman. The heathen Chinee ; Fu Manchu ; Charlie Chan, the Chinaman ; Kaimuki ; Pasadena ; A meeting of East and West -- Charlie Chan at the movies. Hollywood's Chinoiserie ; Yellowface ; Between the real and the reel ; Rape in paradise ; The Black Camel ; Racial parables -- Charlie Chan carries on. Charlie Chan in China ; Charlie Chan soldiers on ; The Fu Manchurian candidate ; Will the real Charlie Chan please stand up? -- Appendix I. A list of Charlie Chanisms -- Appendix II. A list of Charlie Chan films. |
| 520 ## - SUMMARY, ETC. |
| Summary, etc. |
A biography of cinematic hero Charlie Chan, based on the real-life Chinese immigrant detective, Chang Apana, whose bravado inspired mystery writer Earl Derr Biggers to depict his fictional sleuth as a wisecracking and wise investigator rather than a stereotype. |
| 600 10 - SUBJECT ADDED ENTRY--PERSONAL NAME |
| Personal name |
Apana, Chang, |
| Dates associated with a name |
1871-1933. |
| 600 10 - SUBJECT ADDED ENTRY--PERSONAL NAME |
| Personal name |
Chan, Charlie |
| Titles and other words associated with a name |
(Fictitious character) |
| 650 #0 - SUBJECT ADDED ENTRY--TOPICAL TERM |
| Topical term or geographic name entry element |
Detectives |
| Geographic subdivision |
Hawaii |
| Form subdivision |
Biography. |
| 906 ## - LOCAL DATA ELEMENT F, LDF (RLIN) |
| a |
7 |
| b |
cbc |
| c |
orignew |
| d |
1 |
| e |
ecip |
| f |
20 |
| g |
y-gencatlg |
| 942 ## - ADDED ENTRY ELEMENTS (KOHA) |
| Source of classification or shelving scheme |
|
| Koha item type |
Books |